000 00301nam a22001337a 4500
008 171009b xxu||||| |||| 00| 0 eng d
020 _a9780471558767
041 _aeng
080 _22ND
_a159.9
100 _a49
101 _aPSI
245 _aTHE INVESTOR'S QUOTIENT
_cBERNSTEIN,J
942 _2udc
_cBK
999 _c32534
_d32534